000 02712nam a2200229Ia 4500
003 Ost
005 20260507075633.0
008 260507s9999||||xx |||||||||||||| ||und||
020 _a9048328977
040 _cfsecg
041 _aara
082 _a346.07
100 _aدويدار، هاني
_eمؤلف
245 0 _aالقانون التجاري بين التنظيم الموضعي والتنظيم الفئوي للتجارة :
_bدراسة في ضوء قانون التجارة رقم 17 لسنة 1999 /
_c هاني دويدار
260 _aالإسكندرية:
_bدار الجامعة الجديدة,
_c2001
300 _a137 صفحة؛
_c24 سم
490 _aالمكتبة القانونية
520 _aالمحتويات : مقدمة-المبحث الأول : مظاهر التنظيم الموضوعي للتجارة في القانون المصري الجديد : المطلب الأول : سريان أحكام قانون التجارة على الأعمال التجارية : المطلب الثاني : الأعمال التجارية المنفردة في قانون التجارة الجديد : المطلب الثالث : ظاهرة الأعمال المختلطة في قانون التجارة الجديد : المطلب الرابع : النظام القانوني للأعمال التجارية في قانون التجارة الجديد : الأحكام السارية متى كان أحد طرفي العلاقة تاجرا : كفالة الالتزام التجاري : اقتراض استحقاق العوض : منح الائتمان التجاري : عدم انقضاء الطلبات والتفويضات بوفاة التاجر : عدم إبطال العقود للاستغلال أو الغبن : مسئولية المنتج والموزع : الأحكام السارية متى كان طرفا العلاقة من التجار : المنافسة غير المشروعة : التقادم القصير في المواد التجارية : حجية الدفاتر التجارية لمصلحة التاجر-المبحث الثاني : مظاهر التنظيم الفئوي للتجارة في القانون المصري الجديد : المطلب الأول : اعتبار العادات التجارية مصادر القاعدة التجارية : المطلب الثاني : الاحتراف كشرط لاعتبار الأعمال أعمالا تجارية : المطلب الثالث : الأساس الشخصي للأعمال التجارية بالتبعية : المطلب الرابع : ضوابط تطبيق أنظمة التجار- خاتمة الدراسة
653 _aالتجارة
653 _aالقانون التجاري
942 _cكتاب
999 _c45247
_d45247